Представление документа в формате MARC21

Поле Инд. ПП Название Значение
Тип записи a
Библиографический уровень
001 Контрольный номер 30627d3c82264fa3a394809935f039eb
005 Дата корректировки 20240530153724.8
020 c Цена, тираж 100-00
040 b Код языка каталог. rus
e Правила каталог. PSBO
041 0_ a Код языка текста rus
084 a Индекс другой классификации/Индекс ББК 26.89(2Рос-4Крн)
090 a Полочн. индекс К 26.89(2Рос-4Крн)
c Каталожный индекс К 26.89(2Рос-4Крн)
x Авторский знак П 75
097 b Оператор Максимова
245 10 a Заглавие Приезжай...
b Продолж. заглавия 200 лет Минусинск : [набор открыток]
h Физич. носитель Изоматериал
260 a Место издания Минусинск
b Издательство [б. и.]
c Дата издания 2023
300 a Объем 13 отд. л. в обл.
653 0_ a Ключевые слова Минусинск открытки
900 a Имя макрообъекта 000000375990